Boletín de las leyes y de las órdenes y decretos del gobierno: 1838-1839

Saved in:
Bibliografiske detaljer
Format: Bog
Sprog:spansk
Udgivet: Santiago De la Independencia 1839
Fag:
Tags: Tilføj Tag
Ingen Tags, Vær først til at tagge denne postø!

MARC

LEADER 00000nam a2200000 a 4500
001 UCR1568
003 CL-VaPUC
008 971219e18390000CL |||||||||||||||||spa|d
082 0 4 |a 348.022  |b BOL  |2 21 
245 1 0 |a Boletín de las leyes y de las órdenes y decretos del gobierno: 1838-1839 
300 |a v 
942 |c BK 
945 |d 19971219 00:00:00  |a lriquelm 
260 |a Santiago  |b De la Independencia  |c 1839 
650 7 |a DERECHO CHILENO SIGLO 19  |2 CL-VaPUC  |9 398825 
650 0 |a Fuentes del derecho   |9 255162 
583 |a last modification  |c 20160829 10:55:55  |k Rodrigo Vera 
999 |c 264969  |d 264967 
952 |0 0  |1 0  |4 0  |6 348_022000000000000_BOL_1839  |7 0  |8 DER_HDC  |9 295687  |a BIBDER  |b BIBDER  |d 2019-11-20  |h v.8  |i 1927442  |o 348.022 BOL 1839  |p 1927442  |r 2023-01-25  |w 2019-11-20  |x Ubicación 4to Piso  |y BK_X  |z Estos recursos deben solicitarse con anticipación  |k DER